[Event "NAYCC U10 w"]
[Site "Kingston CAN"]
[Date "2019.08.16"]
[Round "1.54"]
[White "Jin, Helena"]
[Black "Pham, Linda"]
[Result "0-1"]
[WhiteElo "950"]
[BlackElo "1330"]
[PlyCount "106"]
[EventDate "2019.08.16"]
[EventType "swiss"]
[EventRounds "9"]
[EventCountry "CAN"]

1. e4 e6 2. d4 d5 3. exd5 exd5 4. Nf3 Nf6 5. Bd3 Be7 6. Nc3 O-O 7. O-O c6 8.
Re1 b6 9. Ne2 Bb7 10. Ng3 Re8 11. Bg5 Nbd7 12. c3 c5 13. b3 Rc8 14. Nd2 Bd6 15.
Bf5 Be7 16. Qb1 h6 17. Bxf6 Bxf6 18. Rxe8+ Qxe8 19. Qe1 Qd8 20. Nh5 Bg5 21. f4
Bh4 22. Ng3 Rc7 23. Nf3 Be7 24. Rd1 Nf6 25. c4 Bd6 26. dxc5 Bxc5+ 27. Nd4 dxc4
28. bxc4 Bxd4+ 29. Kh1 g6 30. Bh3 Rxc4 31. Qe2 Qc7 32. Qd3 Ra4 33. Qb3 Qc4 34.
Qxc4 Rxc4 35. Ne2 Be3 36. Rd3 Bc5 37. Rc3 Rxc3 38. Nxc3 Kf8 39. Na4 Ke7 40.
Nxc5 bxc5 41. Kg1 Kd6 42. Kf2 c4 43. Ke2 Kc5 44. Kd2 Kd4 45. Kc1 c3 46. g3 Bd5
47. a3 Bb3 48. g4 Ne4 49. f5 gxf5 50. gxf5 Nf2 51. Bg2 Nd3+ 52. Kb1 c2+ 53. Ka1
c1=R# 0-1

[Event "NAYCC U10 w"]
[Site "Kingston CAN"]
[Date "2019.08.16"]
[Round "1.55"]
[White "Arivoli, Sadhana"]
[Black "Girish, Niyathi"]
[Result "1-0"]
[WhiteElo "1296"]
[BlackElo "826"]
[PlyCount "155"]
[EventDate "2019.08.16"]
[EventType "swiss"]
[EventRounds "9"]
[EventCountry "CAN"]

1. d4 d5 2. Bf4 Nc6 3. e3 Bf5 4. c3 Nf6 5. Nd2 Qd7 6. Ngf3 O-O-O 7. a4 a6 8. b4
Qe6 9. Ng5 Qd7 10. Nxf7 e5 11. Nxd8 exf4 12. Nxc6 Qxc6 13. Qb3 Qe6 14. c4 fxe3
15. Qxe3 Qxe3+ 16. fxe3 dxc4 17. Bxc4 Bxb4 18. Kd1 Re8 19. Re1 Ng4 20. Kc1 Nxe3
21. Bd5 Bg6 22. Bf3 Bf7 23. Rb1 a5 24. Ra1 g5 25. h3 h5 26. g4 h4 27. Re2 Bg6
28. Nf1 Nxf1 29. Rxe8+ Bxe8 30. Kc2 Ne3+ 31. Kd3 Nxg4 32. Bxg4+ Kb8 33. Kc4
Bf7+ 34. Kd3 Bg6+ 35. Ke3 Bc3 36. Rc1 Bb4 37. Bf3 Ba3 38. Ra1 Bb4 39. Be4 Bf7
40. d5 Bc5+ 41. Kf3 Bh5+ 42. Kg2 Bd4 43. Rb1 Bc3 44. Bf3 Be8 45. Rc1 Bd2 46.
Rc4 Bb4 47. Bd1 b5 48. axb5 Bxb5 49. Rg4 Be7 50. Bb3 a4 51. Bxa4 Bxa4 52. Rxa4
Kc8 53. Kf3 Kd7 54. Rd4 Bc5 55. Rd1 Be7 56. Kg4 Kd6 57. Kf5 Bd8 58. Rg1 Be7 59.
Re1 Bd8 60. Ke4 Be7 61. Rc1 Bd8 62. Rc6+ Kd7 63. Rg6 Be7 64. Kf5 Bd8 65. Ke5
Be7 66. Rg7 Ke8 67. Ke6 Bf8 68. Rg8 c5 69. dxc6 g4 70. Rxg4 Kd8 71. Rg8 Ke8 72.
Rh8 Kd8 73. Rxf8+ Kc7 74. Kd5 Kb6 75. Rb8+ Kc7 76. Rb7+ Kc8 77. Kd6 Kd8 78.
Rb8# 1-0

[Event "NAYCC U10 w"]
[Site "Kingston CAN"]
[Date "2019.08.16"]
[Round "1.56"]
[White "Ma, Lily"]
[Black "Gao, Lucy"]
[Result "0-1"]
[WhiteElo "824"]
[BlackElo "1288"]
[PlyCount "56"]
[EventDate "2019.08.16"]
[EventType "swiss"]
[EventRounds "9"]
[EventCountry "CAN"]

1. e4 e5 2. Nf3 Nc6 3. Nc3 Nf6 4. d4 exd4 5. Nxd4 Bb4 6. Nxc6 bxc6 7. Bd3 d5 8.
exd5 cxd5 9. O-O O-O 10. Bg5 Bxc3 11. bxc3 Qd6 12. Qf3 Ng4 13. Bf4 Qf6 14. Bxc7
Qxf3 15. gxf3 Nf6 16. c4 dxc4 17. Bxc4 Bh3 18. Rfe1 Rac8 19. Bd6 Rfe8 20. Bb3
Rc3 21. Rxe8+ Nxe8 22. Re1 Nxd6 23. Rd1 Nb7 24. Bd5 Nc5 25. Be4 g6 26. Rd8+ Kg7
27. Bd5 Rxc2 28. Rc8 Rc1# 0-1

[Event "NAYCC U10 w"]
[Site "Kingston CAN"]
[Date "2019.08.16"]
[Round "1.57"]
[White "Zhuang, Winnie"]
[Black "Liao, Jocelyn"]
[Result "1-0"]
[WhiteElo "1285"]
[BlackElo "799"]
[PlyCount "103"]
[EventDate "2019.08.16"]
[EventType "swiss"]
[EventRounds "9"]
[EventCountry "CAN"]

1. e4 e5 2. Nf3 Nc6 3. Bb5 a6 4. Ba4 b5 5. Bb3 Nf6 6. Ng5 Qe7 7. Nxf7 Rg8 8.
Ng5 Rh8 9. Bf7+ Kd8 10. Bb3 Ke8 11. O-O h6 12. Nf3 Nxe4 13. d4 Qd8 14. Re1 Nf6
15. Nxe5 Nxe5 16. dxe5 Nh7 17. Qd5 Qe7 18. Qxa8 Kd8 19. Bd5 Qh4 20. Bb7 Bc5 21.
Be3 Bxe3 22. Rxe3 Rf8 23. g3 Qd4 24. Nc3 Qd2 25. Re2 Qd4 26. Qxc8+ Ke7 27. Qxc7
Ng5 28. Qd6+ Qxd6 29. exd6+ Kxd6 30. Ne4+ Nxe4 31. Rxe4 Kc7 32. Bxa6 Kb6 33.
Bxb5 Kxb5 34. Re7 d5 35. a4+ Kc5 36. a5 Ra8 37. a6 Kb6 38. a7 d4 39. Re8 Rxe8
40. a8=R Rxa8 41. Rxa8 Kc5 42. Rg8 Kc4 43. Rxg7 h5 44. Re7 Kd5 45. f4 Kd6 46.
Re1 Kd5 47. f5 Kc4 48. f6 d3 49. cxd3+ Kxd3 50. f7 Kd2 51. Re7 Kc2 52. f8=Q 1-0

[Event "NAYCC U10 w"]
[Site "Kingston CAN"]
[Date "2019.08.16"]
[Round "1.58"]
[White "Inozemtseva, Milana"]
[Black "Fausto, Aliana"]
[Result "0-1"]
[WhiteElo "784"]
[BlackElo "1214"]
[PlyCount "86"]
[EventDate "2019.08.16"]
[EventType "swiss"]
[EventRounds "9"]
[EventCountry "CAN"]

1. e4 c5 2. Nf3 g6 3. Bc4 Bg7 4. O-O Nc6 5. Nc3 Nf6 6. e5 Ng4 7. Re1 Ngxe5 8.
Nxe5 Nxe5 9. d3 O-O 10. Bf4 Nxc4 11. dxc4 d6 12. Bd2 Be6 13. b3 Re8 14. Rb1 Bd7
15. Ne4 Bc6 16. Qe2 b6 17. Ng5 e6 18. g3 h6 19. Nf3 Bb7 20. Be3 Qc7 21. Nh4 g5
22. Ng2 Qc6 23. f3 Qxf3 24. Qxf3 Bxf3 25. Rf1 Bxg2 26. Kxg2 d5 27. cxd5 exd5
28. Bd2 Re2+ 29. Kg1 Rxd2 30. Rf2 Bd4 31. Rbf1 Bxf2+ 32. Rxf2 Rxf2 33. Kxf2 Re8
34. Kf3 Re1 35. Kf2 Rc1 36. c3 Rxc3 37. Kg2 Re3 38. Kh3 d4 39. Kg4 d3 40. Kh5
d2 41. Kxh6 d1=Q 42. Kxg5 Qd5+ 43. Kh6 Re6# 0-1

[Event "NAYCC U10 w"]
[Site "Kingston CAN"]
[Date "2019.08.16"]
[Round "1.59"]
[White "Yang, Jing Yao"]
[Black "De Costa, Dayna"]
[Result "0-1"]
[WhiteElo "1164"]
[BlackElo "686"]
[PlyCount "113"]
[EventDate "2019.08.16"]
[EventType "swiss"]
[EventRounds "9"]
[EventCountry "CAN"]

1. e4 c5 2. Nf3 e6 3. d4 cxd4 4. Nxd4 a6 5. Nc3 Qc7 6. Bd3 b5 7. Be3 Nf6 8. O-O
Be7 9. Nf3 d6 10. Qd2 O-O 11. Ng5 h6 12. Nf3 Bb7 13. a3 Nbd7 14. Rfe1 Nc5 15.
Bf4 Nxd3 16. cxd3 e5 17. Be3 d5 18. exd5 Bxd5 19. Qe2 Rac8 20. Rac1 Qb7 21.
Nxd5 Nxd5 22. Nxe5 Bd6 23. Nf3 Rfe8 24. Rxc8 Qxc8 25. Qd2 b4 26. Rc1 Qe6 27.
Nd4 Qe5 28. g3 Nxe3 29. Nc6 Qe6 30. fxe3 Qxe3+ 31. Qxe3 Rxe3 32. Nxb4 Bxb4 33.
axb4 Rxd3 34. Rc3 Rd1+ 35. Kg2 Rd2+ 36. Kh3 Rxb2 37. Rc8+ Kh7 38. Ra8 Rxb4 39.
Rxa6 g5 40. Rf6 Kg7 41. Rf1 g4+ 42. Kh4 Kg6 43. Rf4 Rxf4 44. gxf4 Kf5 45. Kg3
h5 46. Kh4 Kxf4 47. Kxh5 f5 48. Kh4 Ke3 49. Kg3 f4+ 50. Kxg4 f3 51. Kg3 Ke2 52.
h4 f2 53. h5 f1=Q 54. Kg4 Qg1+ 55. Kf5 Qg3 56. Kf6 Qf4+ 57. Kg6 0-1

[Event "NAYCC U10 w"]
[Site "Kingston CAN"]
[Date "2019.08.16"]
[Round "2.50"]
[White "Wu, Abbie"]
[Black "Arivoli, Sadhana"]
[Result "1-0"]
[WhiteElo "1623"]
[BlackElo "1296"]
[PlyCount "111"]
[EventDate "2019.08.16"]
[EventType "swiss"]
[EventRounds "9"]
[EventCountry "CAN"]

1. e4 Nf6 2. e5 Nd5 3. c4 Nb6 4. d4 d6 5. exd6 exd6 6. Nf3 Bg4 7. Bd3 Be7 8.
O-O O-O 9. Qe2 Nc6 10. h3 Bh5 11. Be3 Bf6 12. Nc3 Re8 13. g4 Bg6 14. Bxg6 hxg6
15. Rad1 Qc8 16. Rd2 Nd7 17. a3 a6 18. b4 Nf8 19. Qd1 Nd7 20. Kg2 Nb6 21. Qe2
Qd8 22. g5 Be7 23. d5 Ne5 24. Nxe5 dxe5 25. Bxb6 cxb6 26. Ne4 Bxg5 27. Rd3 Bf6
28. c5 Be7 29. d6 Bf6 30. d7 Re7 31. Rfd1 b5 32. Nxf6+ gxf6 33. Qf3 e4 34. Qe2
exd3 35. Qxd3 Rb8 36. Qd6 Re6 37. Qxb8 Qxb8 38. d8=Q+ Qxd8 39. Rxd8+ Kg7 40.
Rd7 b6 41. Rc7 Kf8 42. Kf3 Ke8 43. Kf4 bxc5 44. bxc5 Re7 45. Rc8+ Kd7 46. Ra8
Kc6 47. Rxa6+ Kxc5 48. Rxf6 Kc4 49. Kg5 Re5+ 50. Kg4 Re4+ 51. Kg3 Re7 52. Rf3
Ra7 53. Kh4 Kd5 54. Kg5 Ke6 55. Re3+ Kd6 56. f4 1-0

[Event "NAYCC U10 w"]
[Site "Kingston CAN"]
[Date "2019.08.16"]
[Round "2.51"]
[White "Gao, Lucy"]
[Black "Morden, Rose"]
[Result "1-0"]
[WhiteElo "1288"]
[BlackElo "1518"]
[PlyCount "101"]
[EventDate "2019.08.16"]
[EventType "swiss"]
[EventRounds "9"]
[EventCountry "CAN"]

1. e4 e5 2. Nf3 Nc6 3. d4 exd4 4. Bc4 Nf6 5. e5 d5 6. Bb5 Nd7 7. O-O Be7 8. c3
a6 9. Bxc6 bxc6 10. cxd4 O-O 11. Nc3 Nb6 12. h3 Bf5 13. Nd2 c5 14. dxc5 Bxc5
15. Nb3 Be7 16. Qf3 Bg6 17. Be3 c6 18. Na5 Qc7 19. Rac1 Rfd8 20. Rfd1 c5 21.
Nb3 d4 22. Bxd4 cxd4 23. Nd5 Qb7 24. Nf6+ Bxf6 25. Qxb7 Rdb8 26. Qf3 Bxe5 27.
Nxd4 Rd8 28. Nc6 Rxd1+ 29. Rxd1 Bxb2 30. Qb3 Re8 31. Qxb6 Bf6 32. Qxa6 Be4 33.
f3 Bg6 34. Qb5 Kf8 35. a4 Bc2 36. Qc5+ Kg8 37. Qxc2 h6 38. a5 Ra8 39. Rb1 g5
40. Rb8+ Rxb8 41. Nxb8 g4 42. Qc8+ Kg7 43. Qxg4+ Bg5 44. f4 f5 45. Qxf5 Bxf4
46. Qxf4 Kh8 47. Nd7 h5 48. Qf7 h4 49. Qe7 Kg8 50. Nf6+ Kh8 51. Qh7# 1-0

[Event "NAYCC U10 w"]
[Site "Kingston CAN"]
[Date "2019.08.16"]
[Round "2.52"]
[White "Qu, Greta"]
[Black "Zhuang, Winnie"]
[Result "1-0"]
[WhiteElo "1427"]
[BlackElo "1285"]
[PlyCount "87"]
[EventDate "2019.08.16"]
[EventType "swiss"]
[EventRounds "9"]
[EventCountry "CAN"]

1. e4 e6 2. d4 d5 3. Nd2 Nf6 4. e5 Nfd7 5. Bd3 c5 6. c3 Nc6 7. Ne2 Qb6 8. Nf3
Be7 9. O-O O-O 10. Rb1 f6 11. exf6 Nxf6 12. Re1 Bd6 13. Bf4 Qc7 14. Bxd6 Qxd6
15. Qd2 Bd7 16. Ng3 b6 17. Rbc1 Be8 18. Qe2 Bf7 19. Bb5 Rac8 20. Ne5 Ne7 21. h3
Nf5 22. Qd3 Nxg3 23. Qxg3 Ne4 24. Qe3 Be8 25. Bxe8 Rcxe8 26. f3 Nf6 27. Nd3 Nd7
28. Re2 Rf7 29. Rce1 Rfe7 30. f4 Rf7 31. g3 g6 32. Qf3 Nf6 33. Nf2 Nd7 34. Ng4
Kg7 35. Ne5 Nxe5 36. Rxe5 Rfe7 37. g4 a5 38. Qe3 Kf7 39. f5 exf5 40. gxf5 Rxe5
41. dxe5 Qe7 42. f6 Qd7 43. Qh6 Kg8 44. e6 1-0

[Event "NAYCC U10 w"]
[Site "Kingston CAN"]
[Date "2019.08.16"]
[Round "2.53"]
[White "Fausto, Aliana"]
[Black "Prakash, Nandini"]
[Result "0-1"]
[WhiteElo "1214"]
[BlackElo "1416"]
[PlyCount "84"]
[EventDate "2019.08.16"]
[EventType "swiss"]
[EventRounds "9"]
[EventCountry "CAN"]

1. e4 c5 2. f4 d6 3. Nc3 Nc6 4. Nf3 e6 5. Bc4 Be7 6. O-O a6 7. a4 Na5 8. Ba2
Nf6 9. d3 O-O 10. Qe1 Bd7 11. e5 Ne8 12. Ne4 d5 13. Nc3 Nc7 14. Bd2 Nc6 15. f5
exf5 16. Nxd5 Nxd5 17. Bxd5 Nb4 18. Bb3 Qb6 19. a5 Qc7 20. e6 Bxe6 21. Qe3 Bxb3
22. cxb3 Nc2 23. Qf2 Nxa1 24. Rxa1 Rad8 25. Qe2 Rfe8 26. Qf1 Bf6 27. Bc3 Qd6
28. Bxf6 Qxf6 29. Rb1 Re3 30. Qf2 Rdxd3 31. Rc1 Qe7 32. Nh4 g6 33. g3 Re2 34.
Qf1 Qe3+ 35. Kh1 Qe4+ 36. Kg1 Rdd2 37. Nf3 Rg2+ 38. Qxg2 Rxg2+ 39. Kxg2 Qe2+
40. Kh3 Qxf3 41. Rxc5 g5 42. Rc7 Qf1# 0-1

[Event "NAYCC U10 w"]
[Site "Kingston CAN"]
[Date "2019.08.16"]
[Round "2.54"]
[White "Pham, Linda"]
[Black "Zhao, Catherine"]
[Result "1-0"]
[WhiteElo "1330"]
[BlackElo "624"]
[PlyCount "65"]
[EventDate "2019.08.16"]
[EventType "swiss"]
[EventRounds "9"]
[EventCountry "CAN"]

1. d4 d5 2. Bf4 Bg4 3. h3 Bh5 4. Nf3 Nc6 5. e3 Nf6 6. c3 e6 7. Bd3 Bd6 8. Bg5
h6 9. Bh4 e5 10. Be2 O-O 11. Nbd2 e4 12. Nh2 Bxh2 13. Rxh2 Bxe2 14. Qxe2 Qd6
15. Rh1 Ne7 16. g4 Ng6 17. Bg3 Qb6 18. Nb3 Nd7 19. h4 c5 20. O-O-O cxd4 21.
exd4 Qc6 22. g5 hxg5 23. hxg5 Nb6 24. Qh5 f6 25. Qxg6 Nc4 26. Rh7 Rf7 27. Rdh1
Kf8 28. Rh8+ Ke7 29. Rxa8 Qa6 30. gxf6+ gxf6 31. Rh7 Rxh7 32. Qxh7+ Ke6 33.
Re8# 1-0

[Event "NAYCC U10 w"]
[Site "Kingston CAN"]
[Date "2019.08.16"]
[Round "2.55"]
[White "De Costa, Dayna"]
[Black "Dahale, Siddhi"]
[Result "0-1"]
[WhiteElo "686"]
[BlackElo "1137"]
[PlyCount "114"]
[EventDate "2019.08.16"]
[EventType "swiss"]
[EventRounds "9"]
[EventCountry "CAN"]

1. d4 Nf6 2. Bf4 g6 3. e3 Bg7 4. Nc3 O-O 5. Nf3 d5 6. Be2 Nc6 7. O-O Bf5 8. Ne5
Nxe5 9. Bxe5 Ne8 10. Bxg7 Nxg7 11. Bd3 Bxd3 12. Qxd3 Qd7 13. e4 e6 14. exd5
exd5 15. Rfe1 Rfe8 16. Re5 Rxe5 17. dxe5 c6 18. Re1 Re8 19. Qd4 b6 20. Ne2 c5
21. Qf4 Qf5 22. Qxf5 Nxf5 23. Ng3 Nxg3 24. hxg3 Kf8 25. f4 Ke7 26. g4 Kd7 27.
Kf1 a5 28. f5 gxf5 29. gxf5 Kc6 30. e6 fxe6 31. fxe6 Kd6 32. g4 Rxe6 33. Rxe6+
Kxe6 34. Kg2 Ke5 35. Kh3 Kf6 36. Kh4 Kg6 37. g5 d4 38. Kg3 Kxg5 39. Kf3 h5 40.
Ke4 h4 41. Kd5 h3 42. Kc6 h2 43. Kxb6 h1=Q 44. Kxc5 Qb1 45. Kxd4 Qxb2+ 46. c3
Qxa2 47. c4 Qd2+ 48. Kc5 Kf5 49. Kb5 Qb4+ 50. Kc6 Qxc4+ 51. Kb6 Ke5 52. Kxa5
Qb3 53. Ka6 Qb4 54. Ka7 Qb5 55. Ka8 Kd6 56. Ka7 Kc7 57. Ka8 Qa6# 0-1

[Event "NAYCC U10 w"]
[Site "Kingston CAN"]
[Date "2019.08.16"]
[Round "2.56"]
[White "Girish, Niyathi"]
[Black "Yang, Jing Yao"]
[Result "0-1"]
[WhiteElo "826"]
[BlackElo "1164"]
[PlyCount "172"]
[EventDate "2019.08.16"]
[EventType "swiss"]
[EventRounds "9"]
[EventCountry "CAN"]

1. e4 e5 2. Nf3 Nc6 3. Bc4 Bc5 4. c3 Nf6 5. d4 exd4 6. cxd4 Bb4+ 7. Nc3 h6 8.
e5 Ne4 9. O-O Nxc3 10. bxc3 Bxc3 11. Bxf7+ Kxf7 12. Qb3+ d5 13. Qxc3 Re8 14.
Qe3 Re6 15. Qf4+ Kg8 16. Qg3 Qe8 17. Nh4 Nxd4 18. Qd3 Nc6 19. Qxd5 Nxe5 20. Bf4
c6 21. Qb3 Nf7 22. Qg3 g5 23. Nf3 Kh7 24. Bd2 Qe7 25. Bc3 Bd7 26. Nh4 Rg8 27.
Qd3+ Re4 28. f3 gxh4 29. fxe4 Ng5 30. e5+ Rg6 31. g3 hxg3 32. Rf6 gxh2+ 33.
Kxh2 Qg7 34. Rxg6 Qxg6 35. Qxg6+ Kxg6 36. a4 Be6 37. a5 Kf5 38. a6 b5 39. Bd4
Nf3+ 40. Kg3 Nxd4 41. Rf1+ Kxe5 42. Re1+ Kd5 43. Rd1 b4 44. Rb1 Kc4 45. Rc1+
Kb5 46. Rb1 Bc8 47. Rd1 Ne6 48. Rd6 Nc5 49. Rxh6 Bxa6 50. Rh7 Kb6 51. Rh4 b3
52. Kf3 Kb5 53. Rh2 Kb4 54. Rh1 Ka3 55. Ra1+ Kb4 56. Ke3 b2 57. Rd1 Kb3 58. Kd4
Na4 59. Ke5 Kc2 60. Rf1 b1=Q 61. Rxb1 Kxb1 62. Kd6 Bb5 63. Kc7 c5 64. Kb7 c4
65. Kxa7 Ba6 66. Kxa6 c3 67. Ka5 c2 68. Kxa4 c1=Q 69. Kb3 Qb2+ 70. Kc4 Ka2 71.
Kd3 Qc1 72. Kd4 Qc2 73. Ke3 Qc4 74. Kd2 Qb3 75. Kc1 Ka3 76. Kd2 Kb4 77. Kc1 Qa2
78. Kd1 Qb2 79. Ke1 Qc2 80. Kf1 Qd2 81. Kg1 Qe2 82. Kh1 Kc4 83. Kg1 Kd3 84. Kh1
Ke3 85. Kg1 Kf3 86. Kh1 Qg2# 0-1

[Event "NAYCC U10 w"]
[Site "Kingston CAN"]
[Date "2019.08.16"]
[Round "2.57"]
[White "Zhou, Ariel"]
[Black "Jin, Helena"]
[Result "0-1"]
[WhiteElo "1080"]
[BlackElo "950"]
[PlyCount "126"]
[EventDate "2019.08.16"]
[EventType "swiss"]
[EventRounds "9"]
[EventCountry "CAN"]

1. e4 e5 2. Nf3 Nc6 3. Nc3 Nf6 4. Bb5 d6 5. O-O a6 6. Ba4 Bd7 7. d3 b5 8. Bb3
Bg4 9. h3 Bh5 10. Be3 b4 11. Nd5 Nxd5 12. Bxd5 Qd7 13. Rc1 Rb8 14. Qe2 a5 15.
b3 Ne7 16. Bc4 d5 17. exd5 Nxd5 18. Bxd5 Qxd5 19. Bf4 Bd6 20. Bg3 O-O 21. Qe3
Bxf3 22. gxf3 Rfe8 23. Rfe1 Qe6 24. Rcd1 Qxh3 25. Qe4 Qh5 26. Kg2 Qg6 27. Qd5
Ra8 28. Kh1 Qe6 29. Qe4 a4 30. Rd2 Qh6+ 31. Kg2 Qxd2 32. Re2 Qg5 33. Kf1 axb3
34. cxb3 Qh5 35. Kg2 Qg6 36. Qd5 Rac8 37. Qc4 c6 38. Kf1 Qe6 39. Qe4 Qd5 40.
Qe3 Bc5 41. Qe4 Qxe4 42. Rxe4 Bd4 43. a4 bxa3 44. Re1 a2 45. Kg2 a1=Q 46. Rxa1
Bxa1 47. f4 exf4 48. Bxf4 Red8 49. b4 Rxd3 50. f3 Bc3 51. b5 cxb5 52. Bc1 b4
53. Kf2 b3 54. Ke2 Rd7 55. f4 b2 56. Bxb2 Bxb2 57. Kf3 Rc3+ 58. Kg4 Rd5 59. Kh4
Rc4 60. Kg4 h5+ 61. Kg3 Rd3+ 62. Kh4 Rxf4+ 63. Kxh5 Rd5# 0-1

[Event "NAYCC U10 w"]
[Site "Kingston CAN"]
[Date "2019.08.16"]
[Round "2.58"]
[White "Liao, Jocelyn"]
[Black "Ran, Alice"]
[Result "0-1"]
[WhiteElo "799"]
[BlackElo "985"]
[PlyCount "68"]
[EventDate "2019.08.16"]
[EventType "swiss"]
[EventRounds "9"]
[EventCountry "CAN"]

1. e4 e5 2. Nf3 Nc6 3. Bc4 Nf6 4. Ng5 d5 5. exd5 Nd4 6. c3 b5 7. Bb3 Nxb3 8.
axb3 Nxd5 9. d3 h6 10. Nf3 Bd6 11. O-O Bg4 12. h3 Bh5 13. c4 bxc4 14. bxc4 Nf6
15. Nc3 O-O 16. Be3 Qd7 17. Rxa7 Rxa7 18. Bxa7 c5 19. Bb6 Ra8 20. Qe2 Qb7 21.
Bxc5 Bxc5 22. Rb1 Bd4 23. Nxd4 Bxe2 24. Ndxe2 Rd8 25. Nc1 e4 26. dxe4 Nxe4 27.
Nxe4 Qxe4 28. Ra1 Rd1+ 29. Kh2 Qe5+ 30. g3 Qxb2 31. Ra8+ Kh7 32. Nd3 Rxd3 33.
Ra7 Qxf2+ 34. Kh1 Rd1# 0-1

[Event "NAYCC U10 w"]
[Site "Kingston CAN"]
[Date "2019.08.16"]
[Round "2.59"]
[White "Chen, Alina"]
[Black "Ma, Lily"]
[Result "0-1"]
[WhiteElo "964"]
[BlackElo "824"]
[PlyCount "132"]
[EventDate "2019.08.16"]
[EventType "swiss"]
[EventRounds "9"]
[EventCountry "CAN"]

1. e4 e6 2. d4 d5 3. Nc3 dxe4 4. Nxe4 Bd7 5. Nf3 Bc6 6. Nc3 Nd7 7. Be2 Be7 8.
Bf4 Bxf3 9. Bxf3 c6 10. O-O Ngf6 11. Re1 O-O 12. Qd3 Qb6 13. Be2 c5 14. Be3
Rab8 15. Rab1 Rfd8 16. Qb5 cxd4 17. Qxb6 Nxb6 18. Bf4 dxc3 19. Bxb8 Rxb8 20.
bxc3 Rc8 21. Rb3 Ne4 22. Bf3 Nd2 23. Rb2 Nxf3+ 24. gxf3 Rxc3 25. Re3 Rxe3 26.
fxe3 f5 27. Kf2 g5 28. Rb3 h5 29. Rc3 Nd5 30. Rc8+ Kf7 31. e4 fxe4 32. fxe4 Nb4
33. Rc7 Nxa2 34. Rxb7 Kf8 35. Kg3 Bd6+ 36. Kf3 Bxh2 37. Rxa7 Nc3 38. Ra3 Nb5
39. Ra5 Nd4+ 40. Kg2 Bf4 41. c3 Ne2 42. c4 h4 43. c5 g4 44. c6 Ke7 45. Ra7+ Kd6
46. c7 Kd7 47. Ra2 h3+ 48. Kh1 Ng3+ 49. Kg1 Be3+ 50. Kh2 Nf1+ 51. Kh1 g3 52.
Rc2 g2+ 53. Rxg2 hxg2+ 54. Kxg2 Nd2 55. e5 Kxc7 56. Kg3 Kc6 57. Kg2 Kd5 58. Kg3
Kxe5 59. Kg2 Kf4 60. Kh1 e5 61. Kg2 e4 62. Kh1 Bb6 63. Kg2 e3 64. Kh1 Kf3 65.
Kh2 e2 66. Kh3 e1=Q 0-1

[Event "NAYCC U10 w"]
[Site "Kingston CAN"]
[Date "2019.08.17"]
[Round "3.50"]
[White "Prakash, Nandini"]
[Black "Wu, Abbie"]
[Result "0-1"]
[WhiteElo "1416"]
[BlackElo "1623"]
[PlyCount "102"]
[EventDate "2019.08.16"]
[EventType "swiss"]
[EventRounds "9"]
[EventCountry "CAN"]

1. d4 Nf6 2. Bf4 d5 3. e3 e6 4. c3 Be7 5. Nd2 O-O 6. Bd3 c5 7. Ngf3 Nc6 8. Ne5
h6 9. h4 Nxe5 10. Bxe5 Nd7 11. Qh5 Nxe5 12. dxe5 d4 13. exd4 cxd4 14. Rh3 dxc3
15. bxc3 Kh8 16. Ne4 Qa5 17. Bc2 b6 18. f4 Ba6 19. Ng5 Qb5 20. Qf3 Rad8 21. Rb1
Qc4 22. Bb3 Qc5 23. Rh1 Rd3 24. Ne4 Rxf3 25. Nxc5 Re3+ 26. Kd2 Bxc5 27. Rbd1
Re2+ 28. Kc1 Be3+ 29. Kb1 Bxf4 30. g4 Bxe5 31. Bc2 Bxc3 32. Rhf1 Re5 33. Rf3
Rb5+ 34. Kc1 Bb2+ 35. Kb1 Bf6+ 36. Kc1 Bxh4 37. Rd7 Bg5+ 38. Kd1 Re5 39. Rfxf7
Be2+ 40. Ke1 Bxg4+ 41. Kf1 Be2+ 42. Kg2 Rxf7 43. Rxf7 Kg8 44. Rxa7 Be3 45. Ra8+
Kf7 46. Ra7+ Kf6 47. Ra8 Rg5+ 48. Kh3 Bf1+ 49. Kh2 Bf4+ 50. Kh1 Bg2+ 51. Kg1
Bxa8+ 0-1

[Event "NAYCC U10 w"]
[Site "Kingston CAN"]
[Date "2019.08.17"]
[Round "3.51"]
[White "Pham, Linda"]
[Black "Qu, Greta"]
[Result "0-1"]
[WhiteElo "1330"]
[BlackElo "1427"]
[PlyCount "120"]
[EventDate "2019.08.16"]
[EventType "swiss"]
[EventRounds "9"]
[EventCountry "CAN"]

1. d4 Nf6 2. Bf4 d5 3. e3 g6 4. c3 Bg7 5. Nd2 O-O 6. Bd3 Nbd7 7. Ngf3 c5 8. O-O
b6 9. h3 Bb7 10. Ne5 Re8 11. Re1 e6 12. Qc2 Rc8 13. Qa4 a6 14. Bg5 b5 15. Qd1
Qb6 16. Bf4 Bc6 17. Qf3 b4 18. Rec1 c4 19. Bc2 Qb5 20. Qe2 a5 21. Ndf3 Nxe5 22.
Nxe5 Nd7 23. Nxd7 Bxd7 24. Qd2 Bf8 25. Bd1 f6 26. Bg4 Ra8 27. Qc2 b3 28. axb3
cxb3 29. Qd2 Rec8 30. Be2 Qb6 31. c4 dxc4 32. Bxc4 Kg7 33. Qd3 a4 34. Rcb1 Qb4
35. Rc1 Be7 36. Rab1 Rc6 37. Qe2 Rac8 38. Qf1 Rxc4 39. Rxc4 Qxc4 40. Qe1 Bb4
41. Qd1 Qc2 42. Qf1 g5 43. Bg3 Be8 44. Kh2 Qc4 45. Qd1 Bb5 46. f3 Qc2 47. Qg1
Ba5 48. Qh1 Bd3 49. Ra1 Rc4 50. Qd1 Qxd1 51. Rxd1 Bg6 52. Rf1 Rc2 53. Rf2 Rxf2
54. Bxf2 a3 55. bxa3 b2 56. e4 Bc7+ 57. Kh1 b1=Q+ 58. Bg1 Bg3 59. d5 Bf2 60.
Kh2 Qxg1# 0-1

[Event "NAYCC U10 w"]
[Site "Kingston CAN"]
[Date "2019.08.17"]
[Round "3.52"]
[White "Arivoli, Sadhana"]
[Black "Gao, Lucy"]
[Result "0-1"]
[WhiteElo "1296"]
[BlackElo "1288"]
[PlyCount "134"]
[EventDate "2019.08.16"]
[EventType "swiss"]
[EventRounds "9"]
[EventCountry "CAN"]

1. d4 Nf6 2. Bf4 e6 3. e3 Bd6 4. Bg3 Qe7 5. Nf3 Bxg3 6. hxg3 Qb4+ 7. Nbd2 Qxb2
8. Bc4 d5 9. Bd3 Nbd7 10. O-O c5 11. a4 c4 12. Be2 Qb4 13. Qc1 Qe7 14. c3 Ng4
15. Nh2 Nxh2 16. Kxh2 h5 17. Rh1 h4 18. Kg1 Rh6 19. gxh4 Rxh4 20. Rxh4 Qxh4 21.
Nf3 Qh6 22. Qa3 g5 23. Qd6 g4 24. Ne5 g3 25. Ng4 gxf2+ 26. Kxf2 Qh4+ 27. Kg1
Qe7 28. Qxe7+ Kxe7 29. Kf2 f5 30. Nh2 Nf6 31. Bf3 Bd7 32. Nf1 Rc8 33. a5 Rc6
34. Nd2 Ra6 35. Nb1 b6 36. Ke2 Rxa5 37. Rxa5 bxa5 38. Na3 a6 39. Kd2 Ne8 40.
Bd1 Nd6 41. Kc1 Nc8 42. Kb2 Nd6 43. Bf3 Kf6 44. Nc2 Kg5 45. Na3 Ne4 46. Be2 Bb5
47. Bf3 Kh4 48. Nb1 Kg3 49. Kc2 Kf2 50. Na3 Kxe3 51. Nb1 Kf4 52. Na3 Ng5 53.
Kd2 Nxf3+ 54. gxf3 Kxf3 55. Ke1 Ke3 56. Nb1 f4 57. Kd1 f3 58. Ke1 f2+ 59. Kf1
Ba4 60. Na3 Bd1 61. Nxc4+ dxc4 62. d5 Be2+ 63. Kg2 f1=Q+ 64. Kg3 Qf4+ 65. Kg2
Qg4+ 66. Kh2 Bf3 67. dxe6 Qg2# 0-1

[Event "NAYCC U10 w"]
[Site "Kingston CAN"]
[Date "2019.08.17"]
[Round "3.53"]
[White "Morden, Rose"]
[Black "Ran, Alice"]
[Result "1-0"]
[WhiteElo "1518"]
[BlackElo "985"]
[PlyCount "67"]
[EventDate "2019.08.16"]
[EventType "swiss"]
[EventRounds "9"]
[EventCountry "CAN"]

1. d4 d5 2. Nf3 Nf6 3. e3 Nc6 4. b3 Bg4 5. Be2 e6 6. Bb2 Bd6 7. O-O O-O 8. Ne5
Bxe2 9. Qxe2 Bxe5 10. dxe5 Ne4 11. Nd2 Nxd2 12. Qxd2 Qe7 13. a4 Rfd8 14. Rfd1
h6 15. Qe2 a6 16. h3 Qg5 17. f4 Qg3 18. Qf2 Qxf2+ 19. Kxf2 Ne7 20. Rd2 c5 21.
Rad1 Nc6 22. g4 g6 23. h4 Rf8 24. Rg1 Kh7 25. f5 gxf5 26. gxf5 exf5 27. Rxd5
Rac8 28. e6 Nb4 29. Rg7+ Kh8 30. Rxf7+ Kg8 31. Rg7+ Kh8 32. Rg3+ Kh7 33. Rd7+
Rf7 34. Rxf7# 1-0

[Event "NAYCC U10 w"]
[Site "Kingston CAN"]
[Date "2019.08.17"]
[Round "3.54"]
[White "Zhuang, Winnie"]
[Black "De Costa, Dayna"]
[Result "1-0"]
[WhiteElo "1285"]
[BlackElo "686"]
[PlyCount "121"]
[EventDate "2019.08.16"]
[EventType "swiss"]
[EventRounds "9"]
[EventCountry "CAN"]

1. e4 c5 2. Nf3 e6 3. d4 cxd4 4. Nxd4 a6 5. Nc3 Qc7 6. a3 Nf6 7. Be3 Be7 8. f3
b5 9. Qd2 O-O 10. g4 h6 11. h4 Nh7 12. O-O-O b4 13. Nb1 bxa3 14. Nxa3 Nc6 15.
f4 Rb8 16. g5 Qb7 17. Nb3 Bd8 18. gxh6 Ba5 19. Qg2 g6 20. f5 exf5 21. exf5 Ne7
22. fxg6 fxg6 23. Bc4+ d5 24. Bxd5+ Nxd5 25. Qxg6+ Kh8 26. Bd4+ Ndf6 27. Nxa5
Qf7 28. Qxf7 Rxf7 29. Bxf6+ Rxf6 30. Rd8+ Nf8 31. Nc6 Rxc6 32. Rxf8+ Kh7 33.
Rhf1 Kxh6 34. R8f6+ Rxf6 35. Rxf6+ Kh5 36. Rf8 Kxh4 37. Nc4 Kg5 38. Nd6 Kg6 39.
Rxc8 Rxc8 40. Nxc8 Kf6 41. Nb6 Ke6 42. Kd2 Kd6 43. Kc3 Kc6 44. Nc4 Kb5 45. Nd6+
Kc6 46. Kb4 Kb6 47. Ka4 a5 48. Nc4+ Ka6 49. Nxa5 Ka7 50. c4 Kb8 51. c5 Kc7 52.
Kb5 Kd7 53. c6+ Kc7 54. Kc5 Kc8 55. Kd6 Kd8 56. c7+ Kc8 57. Nc4 Kb7 58. Kd7 Ka8
59. c8=Q+ Ka7 60. Qc5+ Ka6 61. Qb6# 1-0